<?xml version="1.0" encoding="UTF-8"?>
<record
    xmlns:xsi="http://www.w3.org/2001/XMLSchema-instance"
    xsi:schemaLocation="http://www.loc.gov/MARC21/slim http://www.loc.gov/standards/marcxml/schema/MARC21slim.xsd"
    xmlns="http://www.loc.gov/MARC21/slim">

  <leader>00726nam a22001577a 4500</leader>
  <controlfield tag="003">OSt</controlfield>
  <controlfield tag="005">20161130105826.0</controlfield>
  <controlfield tag="008">161130b        xxu||||| |||| 00| 0 eng d</controlfield>
  <datafield tag="040" ind1=" " ind2=" ">
    <subfield code="c">RUA</subfield>
  </datafield>
  <datafield tag="082" ind1=" " ind2=" ">
    <subfield code="a">FOR CHH 2014 B544 Or.1</subfield>
  </datafield>
  <datafield tag="100" ind1=" " ind2=" ">
    <subfield code="9">11464</subfield>
    <subfield code="a">CHHORN SAVOEUN; &#x1786;&#x1793; &#x179F;&#x17B6;&#x179C;&#x17BE;&#x1793;</subfield>
  </datafield>
  <datafield tag="245" ind1=" " ind2=" ">
    <subfield code="a">Study on simese crocodile breeding at phnom tamao zoological and wilelife rescue center; &#x179F;&#x17B7;&#x1780;&#x17D2;&#x179F;&#x17B6;&#x1796;&#x17B8;&#x1780;&#x17B6;&#x179A;&#x1794;&#x1784;&#x17D2;&#x1780;&#x17B6;&#x178F;&#x17CB;&#x1796;&#x17BC;&#x1787;&#x1780;&#x17D2;&#x179A;&#x1796;&#x17BE;&#x1797;&#x17D2;&#x1793;&#x17C6;&#x1793;&#x17C5;&#x17A7;&#x1791;&#x17D2;&#x1799;&#x17B6;&#x1793;&#x179F;&#x17BD;&#x1793;&#x179F;&#x178F;&#x17D2;&#x179C;&#x200B;&#x1793;&#x17B7;&#x1784;&#x1798;&#x1787;&#x17D2;&#x1788;&#x1798;&#x178E;&#x17D2;&#x178C;&#x179B;&#x179F;&#x1784;&#x17D2;&#x1782;&#x17D2;&#x179A;&#x17C4;&#x17C7;&#x179F;&#x178F;&#x17D2;&#x179C;&#x1796;&#x17D2;&#x179A;&#x17C3;&#x1797;&#x17D2;&#x1793;&#x17C6;&#x178F;&#x17B6;&#x1798;&#x17C5;</subfield>
  </datafield>
  <datafield tag="260" ind1=" " ind2=" ">
    <subfield code="a">PHNOM PENH</subfield>
    <subfield code="b">CHH</subfield>
    <subfield code="c">2014</subfield>
  </datafield>
  <datafield tag="300" ind1=" " ind2=" ">
    <subfield code="a">xi;39p.</subfield>
    <subfield code="b">ill.</subfield>
    <subfield code="c">29cm.</subfield>
  </datafield>
  <datafield tag="942" ind1=" " ind2=" ">
    <subfield code="2">ddc</subfield>
    <subfield code="c">FOR</subfield>
  </datafield>
  <datafield tag="999" ind1=" " ind2=" ">
    <subfield code="c">11020</subfield>
    <subfield code="d">11020</subfield>
  </datafield>
  <datafield tag="952" ind1=" " ind2=" ">
    <subfield code="0">0</subfield>
    <subfield code="1">0</subfield>
    <subfield code="2">ddc</subfield>
    <subfield code="4">0</subfield>
    <subfield code="6">FOR_CHH_2014_000000000000000_B544_OR_1</subfield>
    <subfield code="7">0</subfield>
    <subfield code="9">58293</subfield>
    <subfield code="a">LBB</subfield>
    <subfield code="b">LBB</subfield>
    <subfield code="c">B544</subfield>
    <subfield code="d">2016-11-30</subfield>
    <subfield code="o">FOR CHH 2014 B544 Or.1</subfield>
    <subfield code="p">A05531</subfield>
    <subfield code="r">2016-11-30</subfield>
    <subfield code="w">2016-11-30</subfield>
    <subfield code="y">FOR</subfield>
  </datafield>
  <datafield tag="952" ind1=" " ind2=" ">
    <subfield code="0">0</subfield>
    <subfield code="1">0</subfield>
    <subfield code="2">ddc</subfield>
    <subfield code="4">0</subfield>
    <subfield code="6">FOR_CHH_2014_000000000000000_B544_OR_2</subfield>
    <subfield code="7">0</subfield>
    <subfield code="9">58294</subfield>
    <subfield code="a">LBB</subfield>
    <subfield code="b">LBB</subfield>
    <subfield code="c">B544</subfield>
    <subfield code="d">2016-11-30</subfield>
    <subfield code="o">FOR CHH 2014 B544 Or.2</subfield>
    <subfield code="p">A05381</subfield>
    <subfield code="r">2016-11-30</subfield>
    <subfield code="w">2016-11-30</subfield>
    <subfield code="y">FOR</subfield>
  </datafield>
  <datafield tag="952" ind1=" " ind2=" ">
    <subfield code="0">0</subfield>
    <subfield code="1">0</subfield>
    <subfield code="2">ddc</subfield>
    <subfield code="4">0</subfield>
    <subfield code="6">FOR_CHH_2014_000000000000000_B544_OR_3</subfield>
    <subfield code="7">0</subfield>
    <subfield code="9">58295</subfield>
    <subfield code="a">LBB</subfield>
    <subfield code="b">LBB</subfield>
    <subfield code="c">B544</subfield>
    <subfield code="d">2016-11-30</subfield>
    <subfield code="o">FOR CHH 2014 B544 Or.3</subfield>
    <subfield code="p">A05462</subfield>
    <subfield code="r">2016-11-30</subfield>
    <subfield code="w">2016-11-30</subfield>
    <subfield code="y">FOR</subfield>
  </datafield>
  <datafield tag="952" ind1=" " ind2=" ">
    <subfield code="0">0</subfield>
    <subfield code="1">0</subfield>
    <subfield code="2">ddc</subfield>
    <subfield code="4">0</subfield>
    <subfield code="6">FOR_CHH_2014_000000000000000_B544_OR_4</subfield>
    <subfield code="7">0</subfield>
    <subfield code="9">58296</subfield>
    <subfield code="a">LBB</subfield>
    <subfield code="b">LBB</subfield>
    <subfield code="c">B544</subfield>
    <subfield code="d">2016-11-30</subfield>
    <subfield code="o">FOR CHH 2014 B544 Or.4</subfield>
    <subfield code="p">A05399</subfield>
    <subfield code="r">2016-11-30</subfield>
    <subfield code="w">2016-11-30</subfield>
    <subfield code="y">FOR</subfield>
  </datafield>
  <datafield tag="952" ind1=" " ind2=" ">
    <subfield code="0">0</subfield>
    <subfield code="1">0</subfield>
    <subfield code="2">ddc</subfield>
    <subfield code="4">0</subfield>
    <subfield code="6">FOR_CHH_2014_000000000000000_B544_OR_5</subfield>
    <subfield code="7">0</subfield>
    <subfield code="9">58297</subfield>
    <subfield code="a">LBB</subfield>
    <subfield code="b">LBB</subfield>
    <subfield code="c">B544</subfield>
    <subfield code="d">2016-11-30</subfield>
    <subfield code="o">FOR CHH 2014 B544 Or.5</subfield>
    <subfield code="p">A05388</subfield>
    <subfield code="r">2016-11-30</subfield>
    <subfield code="w">2016-11-30</subfield>
    <subfield code="y">FOR</subfield>
  </datafield>
  <datafield tag="952" ind1=" " ind2=" ">
    <subfield code="0">0</subfield>
    <subfield code="1">0</subfield>
    <subfield code="2">ddc</subfield>
    <subfield code="4">0</subfield>
    <subfield code="6">FOR_CHH_2014_000000000000000_B544_OR_6</subfield>
    <subfield code="7">0</subfield>
    <subfield code="9">58298</subfield>
    <subfield code="a">LBB</subfield>
    <subfield code="b">LBB</subfield>
    <subfield code="c">B544</subfield>
    <subfield code="d">2016-11-30</subfield>
    <subfield code="o">FOR CHH 2014 B544 Or.6</subfield>
    <subfield code="p">A05463</subfield>
    <subfield code="r">2016-11-30</subfield>
    <subfield code="w">2016-11-30</subfield>
    <subfield code="y">FOR</subfield>
  </datafield>
  <datafield tag="952" ind1=" " ind2=" ">
    <subfield code="0">0</subfield>
    <subfield code="1">0</subfield>
    <subfield code="2">ddc</subfield>
    <subfield code="4">0</subfield>
    <subfield code="6">FOR_CHH_2014_000000000000000_B544_OR_7</subfield>
    <subfield code="7">0</subfield>
    <subfield code="9">58299</subfield>
    <subfield code="a">LBB</subfield>
    <subfield code="b">LBB</subfield>
    <subfield code="c">B544</subfield>
    <subfield code="d">2016-11-30</subfield>
    <subfield code="o">FOR CHH 2014 B544 Or.7</subfield>
    <subfield code="p">A05387</subfield>
    <subfield code="r">2016-11-30</subfield>
    <subfield code="w">2016-11-30</subfield>
    <subfield code="y">FOR</subfield>
  </datafield>
  <datafield tag="952" ind1=" " ind2=" ">
    <subfield code="0">0</subfield>
    <subfield code="1">0</subfield>
    <subfield code="2">ddc</subfield>
    <subfield code="4">0</subfield>
    <subfield code="6">FOR_CHH_2014_000000000000000_B544_OR_8</subfield>
    <subfield code="7">0</subfield>
    <subfield code="9">58300</subfield>
    <subfield code="a">LBB</subfield>
    <subfield code="b">LBB</subfield>
    <subfield code="c">B544</subfield>
    <subfield code="d">2016-11-30</subfield>
    <subfield code="o">FOR CHH 2014 B544 Or.8</subfield>
    <subfield code="p">A05534</subfield>
    <subfield code="r">2016-11-30</subfield>
    <subfield code="w">2016-11-30</subfield>
    <subfield code="y">FOR</subfield>
  </datafield>
</record>
